| 000 | 00637nam a2200193Ia 4500 | ||
|---|---|---|---|
| 003 | GCL | ||
| 008 | 140319s9999 xx 000 0 ara d | ||
| 040 |
_aGCL / _cGCL |
||
| 082 | 0 | 4 |
_a251.22 _bع م |
| 100 | 1 | _aعبدالفتاح محمود ادريس | |
| 245 | 1 | 0 |
_aما ينفع الاموات من سعى الاحياء بحث فقهى مقارن / _cعبدالفتاح محمود ادريس |
| 260 |
_a[S.N] : _bلا يوجد ، _c1993 |
||
| 300 | _a312 ص | ||
| 490 | _a | ||
| 650 | 0 | 4 | _aالاحكام الشرعية |
| 650 | 0 | 4 | _aالشريعة الاسلامية |
| 650 | 0 | 4 | _aالفقه الاسلامى |
| 942 |
_2ddc _cBK |
||
| 999 |
_c55050 _d55050 |
||